| 000 | 00866nam a2200253 i 4500 | ||
|---|---|---|---|
| 003 | DO-SdBNP | ||
| 005 | 20250613101224.0 | ||
| 007 | ta | ||
| 008 | 250613s1984 dr 000 0 spa d | ||
| 040 |
_aDO-SdBNP _bspa _cBNPHU _erda |
||
| 082 |
_axxx _bT315 _222 |
||
| 245 | 1 | 0 | _aIII Mesa redonda Latinoamericana sobre palma aceitera / |
| 246 | 1 | _aTercera Mesa redonda Latinoamericana sobre palma aceitera / | |
| 264 | 1 |
_aBrasil : _bMinisterio de Agricultura de Brasil, _bOficina Regional de la FAO para américa Latina y El Caribe, _c1984. |
|
| 300 |
_avolumen : _c28 cm. |
||
| 336 |
_atexto _btxt _2rdacontent |
||
| 337 |
_asin mediación _bn _2rdamedia |
||
| 338 |
_avolumen _bnc _2rdacarrier |
||
| 500 | _aLa biblioteca posee el volumen 1. | ||
| 504 | _aBibliografía p: 391-393. | ||
| 590 | _aInventariado, 2025/ YL | ||
| 910 | _aYLockward | ||
| 942 |
_2ddc _cLBS1 |
||
| 999 |
_c59272 _d59272 |
||